| 000 | 00505nam a2200181 a 4500 | ||
|---|---|---|---|
| 005 | 20260206064027.0 | ||
| 008 | 991125s1965 mx 000 0 spa u | ||
| 035 | _aUPN01000001558 | ||
| 049 | _aCG | ||
| 050 | 4 |
_aQA159 _bB6.2 1965 |
|
| 100 | 1 |
_aBorel, Emile, _d1871-1957 |
|
| 245 | 1 | 0 |
_aAlgebra elemental / _cEmile Borel. |
| 250 | _a2a ed. | ||
| 260 |
_aMéxico : _bIPN, Patronato de Publicaciones, _c1965. |
||
| 300 |
_a208 p. : _bil. |
||
| 650 | 4 |
_aÁlgebra _xEnseñanza programada _92216 |
|
| 905 | _aLibro | ||
| 999 |
_c1558 _d1558 |
||